| 000 | 01039 a2200241 4500 | ||
|---|---|---|---|
| 001 | 54736 | ||
| 005 | 20260407155822.0 | ||
| 008 | 260407a1999 arg spa d | ||
| 003 | AR-UNSa-BCEJYS | ||
| 040 |
_aAR-UNSa-BCEJYS _bspa _cAR-UNSa-BCEJYS |
||
| 080 |
_a330.34.01 _xTeoría del desarrollo económico |
||
| 245 | 1 | 0 |
_aRacionalidad y reglas _pensayos sobre economía de la Constitución |
| 020 | _a84-7432-741-5 | ||
| 264 | 1 |
_aBarcelona : _bGedisa _c1999 |
|
| 300 |
_a233 p. _c19 cm. |
||
| 505 | _a1. La "explicación de la mano invisible" y las normas sociales - 2. Elección racional y orden moral - 3. Reglas y elección en la economía y en la sociología - 4. Las organizaciones como sistemas constitucionales - 5. Elección racional,seguimiento de reglas e instituciones - 6. Evolución cultural,aprendizaje colectivo y diseño constitucional | ||
| 041 | _aspa | ||
| 942 | _cBK | ||
| 590 | _aniveau_biblio:m niveau_hierar:0 | ||
| 100 | 1 | _aVanberg, Viktor | |
| 700 | 1 | _aGarzón Valdés, Ernesto | |
| 700 | 1 | _aZimmerling, Ruth | |
| 999 |
_c5758 _d5758 |
||